[Event "EOBCC 2020"]
[Site "Online"]
[Date "2020.12.18"]
[Round "10.73"]
[White "Papp, Petra"]
[Black "Bykhovsky, Avigdor"]
[Result "0-1"]
[WhiteElo "2336"]
[BlackElo "2400"]
[Annotator "NA"]
[PlyCount "122"]
[EventDate "2020.12.18"]
[EventType "tourn"]
[EventCountry "NET"]
[SourceTitle "playchess.com"]
[Source "ChessBase"]
[SourceQuality "1"]

1. e4 e6 2. d4 d5 3. Nc3 Bb4 4. e5 c5 5. a3 Ba5 6. b4 cxd4 7. bxa5 dxc3 8. Qg4 Kf8 9. h4 Nc6 10. Nf3 Qxa5 11. h5 h6 12. Qf4 Nge7 13. a4 Qb4 14. Rh4 Qxf4 15. Rxf4 Bd7 16. Ra3 d4 17. Nxd4 Nxe5 18. Re4 N5c6 19. Rxc3 Nd5 20. Rb3 Na5 21. Rf3 Nf6 22. Ba3+ Ke8 23. Rxf6 gxf6 24. Nf5 Bc6 25. Nd6+ Kd7 26. Rd4 e5 27. Rd1 Kc7 28. Nxf7 Rh7 29. Nd6 Rd8 30. c4 Bxa4 31. Ra1 Nb3 32. Rb1 Rxd6 33. Bxd6+ Kxd6 34. Bd3 Rg7 35. g3 b6 36. Bf5 Nd4 37. Be4 Bc6 38. Bd3 Kc5 39. Kd2 Rg5 40. Kc3 Rxh5 41. Ra1 a5 42. f4 exf4 43. gxf4 Rh3 44. Re1 Rf3 45. f5 Bd7 46. Kd2 Bxf5 47. Bxf5 Rxf5 48. Kd3 Rf3+ 49. Ke4 Rc3 50. Rh1 Rxc4 51. Rxh6 f5+ 52. Kd3 Rb4 53. Kc3 a4 54. Rh8 Rb3+ 55. Kd2 Kb4 56. Rh4 Kc4 57. Kc1 a3 58. Rh8 a2 59. Rc8+ Kb4 60. Ra8 Rb1+ 61. Kd2 a1=Q 0-1

[Event "EOBCC 2020"]
[Site "Online"]
[Date "2020.12.18"]
[Round "10.74"]
[White "Globus, Or"]
[Black "Stukan, Martin"]
[Result "0-1"]
[WhiteElo "2399"]
[BlackElo "2342"]
[Annotator "NA"]
[PlyCount "54"]
[EventDate "2020.12.18"]
[EventType "tourn"]
[EventCountry "NET"]
[SourceTitle "playchess.com"]
[Source "ChessBase"]
[SourceQuality "1"]

1. c4 g6 2. d4 Bg7 3. Nf3 Nf6 4. Nc3 d6 5. g3 O-O 6. Bg2 c5 7. O-O Nc6 8. dxc5 dxc5 9. Bf4 Qb6 10. Qb3 Bg4 11. Ne5 Be6 12. Nxc6 bxc6 13. Qxb6 axb6 14. Bxc6 Rac8 15. Bb5 Nh5 16. Be3 Rfd8 17. Rfd1 Bxc3 18. bxc3 Ng7 19. Bf4 Rxd1+ 20. Rxd1 f6 21. a4 g5 22. Bc1 Nf5 23. Bd7 Bxd7 24. Rxd7 Kf7 25. Rb7 Ra8 26. Rxb6 Rxa4 27. Bd2 Nd6 0-1

[Event "EOBCC 2020"]
[Site "Online"]
[Date "2020.12.18"]
[Round "10.75"]
[White "Fecker, Noah"]
[Black "Neuman, Petr"]
[Result "1-0"]
[WhiteElo "2329"]
[BlackElo "2393"]
[Annotator "NA"]
[PlyCount "69"]
[EventDate "2020.12.18"]
[EventType "tourn"]
[EventCountry "NET"]
[SourceTitle "playchess.com"]
[Source "ChessBase"]
[SourceQuality "1"]

1. e4 d6 2. d4 Nf6 3. Nc3 e5 4. Nf3 Nbd7 5. Bc4 Be7 6. a4 O-O 7. a5 c6 8. O-O Rb8 9. Re1 b5 10. axb6 axb6 11. h3 b5 12. Bb3 Bb7 13. Be3 b4 14. Nb1 Nxe4 15. dxe5 Nxe5 16. Ba7 Ra8 17. Rxe4 c5 18. Bd5 Bxd5 19. Qxd5 Nxf3+ 20. gxf3 Bf6 21. Nd2 Qd7 22. Nc4 Rxa7 23. Rxa7 Qxa7 24. Qxd6 Bd4 25. Kg2 g6 26. h4 Qa2 27. Qd5 Qb1 28. h5 Qxc2 29. Ne3 Qxb2 30. h6 Bxe3 31. Rxe3 Qd4 32. Qg5 f6 33. Qg3 g5 34. Qc7 f5 35. Re7 1-0

[Event "EOBCC 2020"]
[Site "Online"]
[Date "2020.12.18"]
[Round "10.76"]
[White "Roshka, Yevgeniy"]
[Black "Gurbanov, Andrei"]
[Result "1-0"]
[WhiteElo "2476"]
[BlackElo "2289"]
[Annotator "ChessBase"]
[PlyCount "71"]
[EventDate "2020.12.18"]
[EventType "tourn"]
[EventCountry "NET"]
[SourceTitle "playchess.com"]
[Source "ChessBase"]
[SourceQuality "1"]

1. d4 d6 2. e4 g6 3. Nf3 Bg7 4. c3 Nf6 5. Bd3 O-O 6. O-O Nbd7 7. Qe2 e5 8. dxe5 dxe5 9. a4 c6 10. a5 Qc7 11. b4 c5 12. b5 c4 13. Bxc4 Nc5 14. Nbd2 Bg4 15. Ba3 Rfc8 16. Bb4 Ncxe4 17. Bxf7+ Qxf7 18. Nxe4 Nxe4 19. Qxe4 Rc4 20. Qe3 Qd5 21. Nd2 Rf4 22. f3 Be6 23. b6 axb6 24. axb6 Rd8 25. Ne4 Bf5 26. Nf2 Qb5 27. Rfd1 Re8 28. Ra5 Qc6 29. Rad5 g5 30. g3 Rc4 31. Qxg5 Be6 32. Rd8 Rxd8 33. Rxd8+ Kf7 34. Qe7+ Kg6 35. Rd6 Qxf3 36. Qxe6+ 1-0

[Event "EOBCC 2020"]
[Site "Online"]
[Date "2020.12.18"]
[Round "10.77"]
[White "Bosiocic, Marin"]
[Black "Marn, Jan"]
[Result "1-0"]
[WhiteElo "2602"]
[BlackElo "2346"]
[Annotator "ChessBase"]
[PlyCount "39"]
[EventDate "2020.12.18"]
[EventType "tourn"]
[EventCountry "NET"]
[SourceTitle "playchess.com"]
[Source "ChessBase"]
[SourceQuality "1"]

1. d4 d5 2. Bg5 h6 3. Bh4 c6 4. e3 Qb6 5. Qc1 e5 6. Nf3 e4 7. Nfd2 g5 8. Bg3 Bg7 9. c4 Ne7 10. Nc3 f5 11. cxd5 f4 12. exf4 O-O 13. d6 Nd5 14. fxg5 e3 15. fxe3 Nxe3 16. Nc4 Rxf1+ 17. Rxf1 Nxc4 18. gxh6 Nxb2 19. Qg5 Nd3+ 20. Kd2 1-0

[Event "EOBCC 2020"]
[Site "Online"]
[Date "2020.12.18"]
[Round "10.78"]
[White "Krayz, Alexander"]
[Black "Grigorian, Spartak"]
[Result "0-1"]
[WhiteElo "2346"]
[BlackElo "2433"]
[Annotator "NA"]
[PlyCount "74"]
[EventDate "2020.12.18"]
[EventType "tourn"]
[EventCountry "NET"]
[SourceTitle "playchess.com"]
[Source "ChessBase"]
[SourceQuality "1"]

1. e4 c5 2. Nf3 d6 3. Bb5+ Nd7 4. Ba4 a6 5. c4 Ngf6 6. Nc3 e6 7. d3 Be7 8. O-O O-O 9. a3 Qc7 10. Bd2 b6 11. b4 Bb7 12. Rb1 Rfd8 13. Qe2 Rab8 14. Rb2 h6 15. Rfb1 Ba8 16. h3 Nf8 17. Bf4 Ng6 18. Bg3 Nh5 19. Bh2 Nhf4 20. Qd2 Bf6 21. Rc2 Bxc3 22. Rxc3 e5 23. Rcb3 Rf8 24. R3b2 Ne6 25. Qe3 f5 26. exf5 Rxf5 27. Bd1 Rbf8 28. bxc5 bxc5 29. Bg3 Ngf4 30. Nd2 Nxg2 31. Qe2 Nd4 32. Qf1 Ne3 33. Qe1 Nxd1 34. Qxd1 Nf3+ 35. Nxf3 Rxf3 36. Qd2 Qc6 37. Kh2 Rxd3 0-1

[Event "EOBCC 2020"]
[Site "Online"]
[Date "2020.12.18"]
[Round "10.79"]
[White "Grafl, Florian"]
[Black "Matnadze, Ana"]
[Result "0-1"]
[WhiteElo "2343"]
[BlackElo "2421"]
[Annotator "NA"]
[PlyCount "90"]
[EventDate "2020.12.18"]
[EventType "tourn"]
[EventCountry "NET"]
[SourceTitle "playchess.com"]
[Source "ChessBase"]
[SourceQuality "1"]

1. e4 c6 2. d4 d5 3. f3 g6 4. Nc3 Bg7 5. Be3 h5 6. Qd2 a6 7. O-O-O b5 8. exd5 cxd5 9. Bd3 Nf6 10. Nge2 Nbd7 11. Bg5 Nb6 12. Nf4 Bf5 13. Rhe1 Rc8 14. Kb1 Bxd3 15. Qxd3 O-O 16. g4 hxg4 17. fxg4 b4 18. Bxf6 exf6 19. Nce2 Nc4 20. Nxg6 fxg6 21. Nf4 Qd6 22. Ne6 Rfe8 23. Nc5 g5 24. b3 Na3+ 25. Kc1 Qf4+ 26. Qd2 Qxd2+ 27. Kxd2 f5 28. gxf5 Bxd4 29. Rxe8+ Rxe8 30. Ne6 Bc3+ 31. Kd3 Kf7 32. Rg1 Rh8 33. Nxg5+ Kf6 34. Nf3 Rh3 35. Ke2 Kxf5 36. Rg8 Nxc2 37. Rf8+ Bf6 38. Kf2 d4 39. Kg2 Rh6 40. h3 Rg6+ 41. Kf2 d3 42. Re8 Nd4 43. Re3 Nxf3 44. Kxf3 d2 45. Rd3 Bc3 0-1

[Event "EOBCC 2020"]
[Site "Online"]
[Date "2020.12.18"]
[Round "10.80"]
[White "Pantzar, Milton"]
[Black "Dzida, Kamil"]
[Result "1-0"]
[WhiteElo "2421"]
[BlackElo "2239"]
[Annotator "NA"]
[PlyCount "93"]
[EventDate "2020.12.18"]
[EventType "tourn"]
[EventCountry "NET"]
[SourceTitle "playchess.com"]
[Source "ChessBase"]
[SourceQuality "1"]

1. d4 Nf6 2. c4 e6 3. Nc3 Bb4 4. f3 c5 5. d5 b5 6. e4 O-O 7. Nh3 d6 8. Nf4 exd5 9. cxd5 c4 10. Be2 Nbd7 11. O-O a6 12. Kh1 Ne5 13. Be3 Bb7 14. a4 Qd7 15. g4 Rfc8 16. Qe1 Bc5 17. Bxc5 dxc5 18. Nd1 Ne8 19. Ne3 Nd6 20. Nf5 g6 21. Qg3 Kh8 22. Nxg6+ Nxg6 23. Nxd6 Rf8 24. h4 f6 25. h5 Ne5 26. Nxb7 Qxb7 27. f4 Nf7 28. Bf3 Qc7 29. Rad1 Rad8 30. axb5 axb5 31. Rfe1 Rfe8 32. Bg2 h6 33. Rf1 Kg7 34. Qh4 Qe7 35. Qf2 Nd6 36. Rfe1 b4 37. e5 Nf7 38. d6 Qd7 39. Qc2 Nh8 40. Qf5 Qxf5 41. gxf5 Nf7 42. d7 Re7 43. e6 Nh8 44. Bb7 Kf8 45. Bc8 Rg7 46. Rg1 Rdxd7 47. exd7 1-0

[Event "EOBCC 2020"]
[Site "Online"]
[Date "2020.12.18"]
[Round "10.81"]
[White "Aliyev, Ravan"]
[Black "Buksa, Nataliya"]
[Result "1-0"]
[WhiteElo "2330"]
[BlackElo "2413"]
[Annotator "NA"]
[PlyCount "105"]
[EventDate "2020.12.18"]
[EventType "tourn"]
[EventCountry "NET"]
[SourceTitle "playchess.com"]
[Source "ChessBase"]
[SourceQuality "1"]

1. g3 d5 2. Bg2 Nf6 3. d3 e5 4. Nf3 Nc6 5. O-O g6 6. Nc3 Bg7 7. Bg5 Be6 8. e4 d4 9. Nd5 h6 10. Bxf6 Bxf6 11. Nxf6+ Qxf6 12. c3 O-O-O 13. Rc1 Kb8 14. c4 Qe7 15. a3 f5 16. exf5 Bxf5 17. Re1 a5 18. b4 axb4 19. axb4 Qxb4 20. Nxe5 Nxe5 21. Rxe5 Qd6 22. Rb5 c6 23. Rb6 Rhe8 24. Rcb1 Re7 25. Bxc6 Qe5 26. Bxb7 Kc7 27. Bf3 Qe1+ 28. Qxe1 Rxe1+ 29. Rxe1 Kxb6 30. Be4 Re8 31. Rb1+ Kc7 32. Bxf5 gxf5 33. Kf1 f4 34. Rb5 Rf8 35. gxf4 Rxf4 36. Rh5 Rf6 37. Rh4 Rd6 38. Ke2 Kd7 39. Kf3 Rf6+ 40. Rf4 Rd6 41. Ke4 Kc6 42. Rf5 Rg6 43. Kxd4 Kd6 44. f4 Kc6 45. Ke4 Kd7 46. Rh5 Re6+ 47. Kd4 Rd6+ 48. Rd5 h5 49. Rxd6+ Kxd6 50. f5 h4 51. c5+ Kc6 52. Kc4 h3 53. d4 1-0

[Event "EOBCC 2020"]
[Site "Online"]
[Date "2020.12.18"]
[Round "10.82"]
[White "Pajeken, Jakob Leon"]
[Black "Lazov, Toni"]
[Result "1-0"]
[WhiteElo "2323"]
[BlackElo "2405"]
[Annotator "NA"]
[PlyCount "123"]
[EventDate "2020.12.18"]
[EventType "tourn"]
[EventCountry "NET"]
[SourceTitle "playchess.com"]
[Source "ChessBase"]
[SourceQuality "1"]

1. d4 Nf6 2. Nf3 g6 3. g3 Bg7 4. Bg2 O-O 5. O-O d6 6. b3 Nbd7 7. Bb2 c6 8. c4 Re8 9. Nc3 e5 10. dxe5 dxe5 11. Qc2 e4 12. Ng5 e3 13. f4 Ng4 14. h3 Nf2 15. Nd1 h6 16. Nf3 Bxb2 17. Qxb2 Nf6 18. Kh2 N2e4 19. Ne5 Nxg3 20. Kxg3 Nh5+ 21. Kh2 Qh4 22. Rf3 Nxf4 23. Nxe3 Be6 24. Raf1 Nxg2 25. Nxg2 Qe7 26. Nxf7 Bxf7 27. Rxf7 Qxf7 28. Rxf7 Kxf7 29. Qd2 Rad8 30. Qxh6 Rxe2 31. Qh7+ Kf8 32. Qh8+ Ke7 33. Qg7+ Kd6 34. Qxg6+ Kc7 35. Qg3+ Kb6 36. h4 Rxa2 37. h5 Rad2 38. Qe3+ Kc7 39. Qe5+ Kb6 40. Qe3+ Kc7 41. Qg3+ Kb6 42. h6 R2d6 43. Qg7 R8d7 44. Qf8 Rg6 45. Nf4 Rd2+ 46. Kh3 Rg1 47. c5+ Kb5 48. Nh5 Rh1+ 49. Kg4 Rg2+ 50. Ng3 a5 51. Qf3 Rxg3+ 52. Qxg3 Rxh6 53. Qd3+ Kxc5 54. Qe3+ Kb4 55. Qxh6 Kxb3 56. Qc1 a4 57. Kf3 a3 58. Ke3 b5 59. Kd4 a2 60. Qc3+ Ka4 61. Qb2 b4 62. Qxa2+ 1-0

[Event "EOBCC 2020"]
[Site "Online"]
[Date "2020.12.18"]
[Round "10.83"]
[White "Zovko, Mario"]
[Black "Vedrickas, Tautvydas"]
[Result "0-1"]
[WhiteElo "2312"]
[BlackElo "2395"]
[Annotator "NA"]
[PlyCount "112"]
[EventDate "2020.12.18"]
[EventType "tourn"]
[EventCountry "NET"]
[SourceTitle "playchess.com"]
[Source "ChessBase"]
[SourceQuality "1"]

1. e4 g6 2. Nc3 Bg7 3. g3 d6 4. Bg2 Nd7 5. Nge2 e6 6. d3 Ne7 7. O-O O-O 8. f4 f5 9. Be3 Nf6 10. h3 a6 11. a4 Rb8 12. Qd2 b6 13. Rae1 Bb7 14. exf5 Bxg2 15. Kxg2 Nxf5 16. Bf2 b5 17. axb5 axb5 18. g4 b4 19. Ne4 Nxe4 20. dxe4 Nh4+ 21. Bxh4 Qxh4 22. Nd4 Rbe8 23. c3 bxc3 24. bxc3 Bh6 25. g5 Bg7 26. Qf2 Qxf2+ 27. Rxf2 e5 28. fxe5 Rxf2+ 29. Kxf2 Rxe5 30. h4 Rc5 31. Ne6 Rxc3 32. Rb1 Be5 33. Rb7 Bg3+ 34. Ke2 Bxh4 35. Nxc7 Bxg5 36. Nd5 Ra3 37. Rd7 Ra6 38. Kf3 h5 39. Kg3 Ra3+ 40. Kg2 h4 41. Rxd6 Kg7 42. Rd7+ Kh6 43. e5 Kh5 44. e6 Kg4 45. e7 h3+ 46. Kf1 h2 47. Kg2 Ra2+ 48. Kh1 Kh3 49. Nf4+ Bxf4 50. Rd3+ Bg3 51. Rd1 Re2 52. e8=Q Rxe8 53. Rb1 g5 54. Rf1 g4 55. Rc1 Bf4 56. Rf1 g3 0-1

[Event "EOBCC 2020"]
[Site "Online"]
[Date "2020.12.18"]
[Round "10.84"]
[White "Remizov, Yaroslav"]
[Black "Fataliyeva, Ulviyya"]
[Result "1-0"]
[WhiteElo "2385"]
[BlackElo "2301"]
[Annotator "NA"]
[PlyCount "61"]
[EventDate "2020.12.18"]
[EventType "tourn"]
[EventCountry "NET"]
[SourceTitle "playchess.com"]
[Source "ChessBase"]
[SourceQuality "1"]

1. Nf3 d5 2. c4 e6 3. g3 Nf6 4. Bg2 Be7 5. O-O O-O 6. b3 a5 7. Nc3 Na6 8. Bb2 Nc5 9. Rc1 c6 10. d3 Bd7 11. Ne5 Be8 12. e4 Qb8 13. exd5 Qxe5 14. d4 Qg5 15. dxc5 Bxc5 16. dxe6 fxe6 17. Qe2 Bh5 18. Qxe6+ Kh8 19. Kh1 Rae8 20. f4 Qg6 21. Qh3 Ng4 22. Bf3 Re3 23. Nd1 Rxf3 24. Rxf3 Nf2+ 25. Rxf2 Bxf2 26. Nxf2 Bf3+ 27. Kg1 Re8 28. Qd7 h6 29. Bxg7+ Kg8 30. Be5 Re6 31. Re1 1-0

[Event "EOBCC 2020"]
[Site "Online"]
[Date "2020.12.18"]
[Round "10.85"]
[White "Sukovic, Andrej"]
[Black "Mammadova, Gulnar"]
[Result "0-1"]
[WhiteElo "2282"]
[BlackElo "2382"]
[Annotator "NA"]
[PlyCount "72"]
[EventDate "2020.12.18"]
[EventType "tourn"]
[EventCountry "NET"]
[SourceTitle "playchess.com"]
[Source "ChessBase"]
[SourceQuality "1"]

1. e4 e6 2. d4 d5 3. Nc3 Bb4 4. e5 c5 5. a3 Bxc3+ 6. bxc3 Qa5 7. Bd2 Qa4 8. Qb1 c4 9. Nh3 Nc6 10. Nf4 g6 11. h4 h5 12. Be2 b6 13. O-O Nge7 14. Nh3 Qa5 15. Ng5 Nxd4 16. Bd1 Bd7 17. Qc1 Ndc6 18. f4 Nf5 19. Nf3 Qc5+ 20. Kh2 b5 21. Re1 a5 22. Re2 Qe7 23. Be1 d4 24. Nxd4 Ncxd4 25. cxd4 Nxd4 26. Rd2 Nf5 27. Bf3 Rd8 28. g3 O-O 29. Qb2 Qc5 30. Rad1 c3 31. Qb3 cxd2 32. Rxd2 Bc6 33. Bxc6 Rxd2+ 34. Bxd2 Qxc6 35. Qd3 Qd5 36. Qe2 Nd4 0-1

[Event "EOBCC 2020"]
[Site "Online"]
[Date "2020.12.18"]
[Round "10.86"]
[White "Myshakov, Fyodor"]
[Black "Balajayeva, Khanim"]
[Result "1-0"]
[WhiteElo "2292"]
[BlackElo "2376"]
[Annotator "NA"]
[PlyCount "127"]
[EventDate "2020.12.18"]
[EventType "tourn"]
[EventCountry "NET"]
[SourceTitle "playchess.com"]
[Source "ChessBase"]
[SourceQuality "1"]

1. c4 e6 2. Nc3 Nf6 3. Nf3 b6 4. g3 Bb7 5. Bg2 Bb4 6. Qc2 O-O 7. O-O d6 8. e3 Nbd7 9. Ne2 d5 10. a3 Be7 11. b3 a5 12. d3 a4 13. b4 dxc4 14. dxc4 Ng4 15. Bb2 f5 16. Rfd1 Qe8 17. h3 Ngf6 18. Ned4 Qf7 19. Ng5 Qh5 20. Ndxe6 Bxg2 21. Kxg2 Rfc8 22. Qxf5 h6 23. g4 Qe8 24. Ne4 Qf7 25. Nxf6+ Nxf6 26. g5 hxg5 27. Nxg5 Qh5 28. Qe6+ Kf8 29. Nf3 Rd8 30. Rac1 Qg6+ 31. Kh1 Bd6 32. Bxf6 gxf6 33. Qg4 Qh6 34. Rg1 Kf7 35. Nd4 Rg8 36. Qe6+ Kf8 37. Qd7 Rxg1+ 38. Rxg1 Re8 39. Ne6+ Rxe6 40. Qxe6 Qh7 41. Qg4 Be5 42. Qe6 Bd6 43. Qc8+ Kf7 44. Qd7+ Be7 45. Qg4 Qh6 46. Qg3 Ke8 47. Qg6+ Qxg6 48. Rxg6 c6 49. Rg2 Kd7 50. f3 f5 51. Kh2 Bd6+ 52. Kg1 Be5 53. h4 Ke6 54. h5 f4 55. exf4 Bxf4 56. Kf1 Bc1 57. Ke2 Bxa3 58. Kd3 Bxb4 59. h6 Be7 60. Re2+ Kf7 61. Rxe7+ Kxe7 62. h7 a3 63. h8=Q a2 64. Qa1 1-0

[Event "EOBCC 2020"]
[Site "Online"]
[Date "2020.12.18"]
[Round "10.87"]
[White "Suder, Jakub"]
[Black "Haring, Filip"]
[Result "1-0"]
[WhiteElo "2239"]
[BlackElo "2376"]
[Annotator "NA"]
[PlyCount "89"]
[EventDate "2020.12.18"]
[EventType "tourn"]
[EventCountry "NET"]
[SourceTitle "playchess.com"]
[Source "ChessBase"]
[SourceQuality "1"]

1. d4 Nf6 2. c4 e6 3. Nc3 c5 4. d5 exd5 5. cxd5 d6 6. e4 g6 7. f4 Bg7 8. Bb5+ Nfd7 9. a4 O-O 10. Nf3 Na6 11. O-O Nb4 12. Re1 a6 13. Bf1 Re8 14. Be3 Nf6 15. Bf2 Ng4 16. Bh4 Qb6 17. Kh1 c4 18. Qd2 Nd3 19. Bxd3 cxd3 20. h3 Nf6 21. Qxd3 Nh5 22. Qd2 Bd7 23. e5 Qb4 24. Re4 Qc5 25. Bf2 Qc7 26. g4 dxe5 27. gxh5 Bf5 28. Rxe5 Bxe5 29. fxe5 Qc4 30. h6 Be4 31. Qf4 f5 32. Re1 Bxd5 33. Nxd5 Qxd5 34. Kh2 Rac8 35. Nd4 Rc4 36. b3 Rc7 37. e6 Rce7 38. Re5 Qd6 39. Bg3 b5 40. axb5 axb5 41. Qh4 Qa3 42. Qf6 Qb2+ 43. Re2 Qc3 44. Be5 Rxe6 45. Qg7# 1-0

[Event "EOBCC 2020"]
[Site "Online"]
[Date "2020.12.18"]
[Round "10.88"]
[White "Smirnova, Ekaterina"]
[Black "Villegas, Pierre"]
[Result "1/2-1/2"]
[WhiteElo "2239"]
[BlackElo "2367"]
[Annotator "NA"]
[PlyCount "75"]
[EventDate "2020.12.18"]
[EventType "tourn"]
[EventCountry "NET"]
[SourceTitle "playchess.com"]
[Source "ChessBase"]
[SourceQuality "1"]

1. d4 Nf6 2. c4 e6 3. Nf3 d5 4. Nc3 dxc4 5. e3 a6 6. a4 c5 7. Bxc4 Nc6 8. O-O Be7 9. Qe2 cxd4 10. Rd1 e5 11. exd4 exd4 12. Nxd4 Nxd4 13. Qe5 Qd6 14. Qxd6 Bxd6 15. Rxd4 Bc5 16. Rd1 O-O 17. Bg5 Be6 18. Bxe6 fxe6 19. Bh4 Rad8 20. h3 Bd4 21. Rac1 e5 22. Re1 Rc8 23. Bxf6 gxf6 24. Ne4 Bxb2 25. Nxf6+ Kg7 26. Rxc8 Rxc8 27. Ne4 Bd4 28. Rb1 b6 29. Kf1 Rc2 30. f3 Ra2 31. Rb4 Kg6 32. g3 h5 33. h4 Kf5 34. Rc4 Ra3 35. Kg2 Ra2+ 36. Kf1 Ra3 37. Kg2 Ra2+ 38. Kf1 1/2-1/2

[Event "EOBCC 2020"]
[Site "Online"]
[Date "2020.12.18"]
[Round "10.89"]
[White "Godzwon, Iwo"]
[Black "Gurvich, Vitaly"]
[Result "1-0"]
[WhiteElo "2347"]
[BlackElo "2230"]
[Annotator "NA"]
[PlyCount "99"]
[EventDate "2020.12.18"]
[EventType "tourn"]
[EventCountry "NET"]
[SourceTitle "playchess.com"]
[Source "ChessBase"]
[SourceQuality "1"]

1. e4 c5 2. Nf3 Nc6 3. d4 cxd4 4. Nxd4 e5 5. Nb5 d6 6. c4 Be7 7. N1c3 a6 8. Na3 Nf6 9. Nc2 O-O 10. Be2 Be6 11. O-O Nd7 12. b3 Rc8 13. Be3 Nc5 14. Qd2 h6 15. Rfd1 Qe8 16. Bf3 Kh7 17. Nd5 Bxd5 18. cxd5 Nb8 19. Nb4 Nbd7 20. Nd3 Nxd3 21. Qxd3 Rc7 22. Rac1 Qd8 23. Rc2 Rxc2 24. Qxc2 Qa5 25. Rc1 Rd8 26. Qc7 Qxc7 27. Rxc7 Bg5 28. Rxb7 Bxe3 29. fxe3 Kg6 30. b4 f5 31. exf5+ Kxf5 32. Be2 Ke4 33. Bxa6 Kxd5 34. a4 Nf6 35. a5 Ng4 36. Be2 Nxe3 37. a6 Ra8 38. b5 Kc5 39. Kf2 Nd5 40. Bf3 e4 41. Bxe4 Rf8+ 42. Kg3 Ne3 43. a7 g5 44. Rb8 Rf4 45. Bf3 Nf5+ 46. Kf2 Rb4 47. a8=Q Rb2+ 48. Ke1 Kd4 49. Qe4+ Kc3 50. Rc8+ 1-0

[Event "EOBCC 2020"]
[Site "Online"]
[Date "2020.12.18"]
[Round "10.91"]
[White "Hirneise, Tobias"]
[Black "Burkart, Patrick"]
[Result "1/2-1/2"]
[WhiteElo "2452"]
[BlackElo "2322"]
[Annotator "ChessBase"]
[PlyCount "78"]
[EventDate "2020.12.18"]
[EventType "tourn"]
[EventCountry "NET"]
[SourceTitle "playchess.com"]
[Source "ChessBase"]
[SourceQuality "1"]

1. e4 c5 2. Nf3 e6 3. d4 cxd4 4. Nxd4 a6 5. Nc3 Qc7 6. Bd3 Nf6 7. f4 d6 8. Qf3 Nc6 9. Be3 Nxd4 10. Bxd4 e5 11. Be3 Be6 12. f5 Bc4 13. g4 d5 14. exd5 Bb4 15. Bxc4 Qxc4 16. Bd2 Bxc3 17. Bxc3 Nxd5 18. O-O-O Nxc3 19. Qxc3 Qxc3 20. bxc3 Ke7 21. Rhe1 f6 22. Rd4 Rhd8 23. Rb4 Rd7 24. Rd1 Rad8 25. Rxd7+ Rxd7 26. a4 Kd6 27. Kd2 Kc6+ 28. Ke2 b6 29. Rc4+ Kd5 30. Rc8 Ke4 31. Rc4+ Kd5 32. Kd3 b5 33. axb5 axb5 34. Rc8 h6 35. Ke3 Ra7 36. Rd8+ Kc4 37. Rc8+ Kd5 38. Rd8+ Kc4 39. Rc8+ Kd5 1/2-1/2

[Event "EOBCC 2020"]
[Site "Online"]
[Date "2020.12.18"]
[Round "10.92"]
[White "Vesselovsky, Serguei"]
[Black "Atalik, Ekaterina"]
[Result "1/2-1/2"]
[WhiteElo "2316"]
[BlackElo "2450"]
[Annotator "ChessBase"]
[PlyCount "132"]
[EventDate "2020.12.18"]
[EventType "tourn"]
[EventCountry "NET"]
[SourceTitle "playchess.com"]
[Source "ChessBase"]
[SourceQuality "1"]

1. e4 c6 2. d4 d5 3. Nc3 dxe4 4. Nxe4 Bf5 5. Nc5 Nd7 6. Nxb7 Qb6 7. Nc5 Nxc5 8. dxc5 Qxc5 9. Nf3 e6 10. c3 Nf6 11. Qa4 Qb6 12. Be3 Qc7 13. Nd4 Be4 14. f3 Bd5 15. c4 e5 16. cxd5 exd4 17. Bxd4 Nxd5 18. Bc4 Nb6 19. Qb3 Nxc4 20. Qxc4 Be7 21. O-O O-O 22. Rac1 Rfc8 23. Rfe1 Bf8 24. b3 Qd7 25. Red1 Qf5 26. Bc5 Bxc5+ 27. Qxc5 Qf4 28. Rc4 Qf6 29. Rcd4 h6 30. h3 a5 31. Rd6 Qb2 32. R1d2 Qa1+ 33. Kh2 a4 34. bxa4 Qe1 35. a5 Re8 36. Qxc6 Qe5+ 37. Kg1 Rxa5 38. Qxe8+ Qxe8 39. Rd8 Qxd8 40. Rxd8+ Kh7 41. Rd2 Ra3 42. Kf1 g5 43. Ke1 h5 44. Kd1 Kg6 45. Kc1 g4 46. hxg4 hxg4 47. fxg4 Ra4 48. Kb2 Rxg4 49. Kb3 Kg5 50. a4 Kh4 51. a5 Re4 52. Rf2 Re3+ 53. Kb4 Re4+ 54. Kc5 Re5+ 55. Kb6 Re6+ 56. Kb5 Re5+ 57. Kc4 Rxa5 58. Rxf7 Rg5 59. Rf2 Kg3 60. Rc2 Rf5 61. Kd4 Rf8 62. Kd5 Re8 63. Kd6 Re1 64. Kd5 Rg1 65. Kd6 Rxg2 66. Rxg2+ Kxg2 1/2-1/2

[Event "EOBCC 2020"]
[Site "Online"]
[Date "2020.12.18"]
[Round "10.94"]
[White "Grunberg, Mihai-Lucian"]
[Black "Leszko, Bence"]
[Result "0-1"]
[WhiteElo "2401"]
[BlackElo "2321"]
[Annotator "NA"]
[PlyCount "66"]
[EventDate "2020.12.18"]
[EventType "tourn"]
[EventCountry "NET"]
[SourceTitle "playchess.com"]
[Source "ChessBase"]
[SourceQuality "1"]

1. Nf3 e6 2. c4 b6 3. g3 Bb7 4. Bg2 f5 5. O-O Nf6 6. d4 Be7 7. Nc3 Ne4 8. Bd2 Nxc3 9. Bxc3 O-O 10. d5 a5 11. Nd4 Qc8 12. dxe6 Bxg2 13. Kxg2 dxe6 14. e4 Na6 15. exf5 Qb7+ 16. Qf3 Qxf3+ 17. Kxf3 exf5 18. Nc6 Bf6 19. Rac1 Nc5 20. Rfd1 Bxc3 21. Rxc3 Rae8 22. b3 Rf6 23. Na7 c6 24. Re3 Ref8 25. Re7 h5 26. h4 f4 27. g4 hxg4+ 28. Kxg4 Kh7 29. Rc7 f3 30. Rxc6 Rf4+ 31. Kg3 Ne4+ 32. Kh2 Rxh4+ 33. Kg1 Rff4 0-1

[Event "EOBCC 2020"]
[Site "Online"]
[Date "2020.12.18"]
[Round "10.96"]
[White "Havlik, Jan"]
[Black "Antonov, Alexandr"]
[Result "1/2-1/2"]
[WhiteElo "2393"]
[BlackElo "2309"]
[Annotator "ChessBase"]
[PlyCount "157"]
[EventDate "2020.12.18"]
[EventType "tourn"]
[EventCountry "NET"]
[SourceTitle "playchess.com"]
[Source "ChessBase"]
[SourceQuality "1"]

1. e4 c5 2. Nf3 d6 3. d4 cxd4 4. Nxd4 Nf6 5. Nc3 a6 6. Bc4 e6 7. Bb3 Be7 8. O-O O-O 9. f4 b5 10. f5 e5 11. Nde2 Bb7 12. Bg5 Nc6 13. Bxf6 Bxf6 14. Nd5 Nd4 15. c3 Nxb3 16. axb3 Bxd5 17. Qxd5 Qb6+ 18. Kh1 Rac8 19. Rfd1 Rfd8 20. Ng3 Bg5 21. Qd3 a5 22. Qf3 Bf4 23. Nh5 Bh6 24. Rd5 a4 25. b4 Rc6 26. f6 g6 27. Ng3 Bf4 28. Ne2 Bg5 29. Rad1 h5 30. Ng3 Bh6 31. Nxh5 Kh7 32. Ng3 Rdc8 33. Ne2 Ra8 34. h4 a3 35. bxa3 Rxa3 36. h5 Qe3 37. hxg6+ fxg6 38. Qxe3 Bxe3 39. Rxd6 Rxd6 40. Rxd6 Ra1+ 41. Kh2 Re1 42. Rd7+ Kg8 43. Ng3 Bf4 44. Rg7+ Kf8 45. Kh3 Re3 46. Rxg6 Rxc3 47. Kh4 Kf7 48. Rg4 Kxf6 49. Nh5+ Ke6 50. Nxf4+ exf4 51. Rg5 Rc4 52. Rxb5 Rxe4 53. Kg4 Re2 54. Kf3 Rb2 55. Rb8 Kf5 56. Rb5+ Ke6 57. Rb8 Kf5 58. b5 Rb3+ 59. Kf2 Rb2+ 60. Kg1 Kg4 61. b6 Kg3 62. Rg8+ Kh4 63. Rg6 Kh5 64. Rc6 Kg4 65. Rf6 Kg5 66. Rc6 Kg4 67. Rf6 Kg5 68. Re6 Kf5 69. Rd6 Kg4 70. Kf1 Kg3 71. Rg6+ Kh2 72. Rh6+ Kg3 73. Rg6+ Kh2 74. Rg4 Rxb6 75. Rxf4 Rb1+ 76. Kf2 Rb2+ 77. Ke3 Rxg2 78. Rf2 Rxf2 79. Kxf2 1/2-1/2